Statistiques concernant Classification décimale de Dewey

Cliquez ici pour prendre le quiz!

Statistiques générales

  • Ce quiz a été pris 4 fois
    (2 depuis la dernière actualisation)
  • Le résultat moyen est 12 sur 40

Statistiques - réponses

HintRéponses% Correct
Classe 800Littérature (Belles-Lettres) et techniques d’écriture
100%
960Histoire générale de l'Afrique
50%
970Histoire générale de l’Amérique du Nord
50%
980Histoire générale de l’Amérique du Sud
50%
950Histoire générale de l’Asie. Orient. Extrême-Orient
50%
940Histoire générale de l’Europe. Europe de l'Ouest
50%
990Histoire générale des autres pays, l'Océanie
50%
450Italien, sarde, dalmate, roumain, langues rhéto-romanes
50%
420Langue anglaise. Anglo-saxon
50%
Classe 400Langues
50%
460Langues espagnole et portugaise
50%
430Langues germaniques. Allemand
50%
480Langues helléniques. Grec classique
50%
440Langues romanes. Français
50%
830Littérature des langues germaniques. Littérature allemande
50%
840Littérature des langues romanes. Littérature française
50%
820Littératures anglaise et anglo-saxonne
50%
880Littératures des langues helléniques. Littérature grecque classique
50%
860Littératures espagnole et portugaise
50%
850Littératures italienne, roumaine, rhéto-romane
50%
Classe 200Religions
50%
Classe 300Sciences sociales
50%
Classe 600Technologie (Sciences appliquées)
50%
Classe 700Arts, Loisirs et Sports
0%
490Autres langues
0%
920Biographie, généalogie, emblèmes, insignes
0%
900Généralités sur la Géographie et l’Histoire
0%
800Généralités sur la littérature et les techniques d’écriture
0%
400Généralités sur les langues
0%
910Géographie et voyages
0%
Classe 900Géographie, Histoire et disciplines auxiliaires
0%
930Histoire générale du monde ancien
0%
Classe 000Informatique, information, ouvrages généraux
0%
470Langues italiques. Latin
0%
410Linguistique générale
0%
810Littérature américaine de langue anglaise
0%
890Littératures des autres langues
0%
870Littératures des langues italiques. Littérature latine
0%
Classe 100Philosophie, Parapsychologie et Occultisme, Psychologie
0%
Classe 500Sciences de la nature et Mathématiques
0%

Distribution des résultats

Percentile par nombre de réponses

% des personnes avec chaque résultat

Votre développement - résultats

Vous n’avez pas pris ce quiz depuis la dernière actualisation